Five on a hike together

Bibliographic Details
Main Author: Blyton, Enid
Format: Book
Published: London : Award Publications , 1992
Series:The famous five
Subjects:

MARC

LEADER 00000cam a2200000 7i4500
001 0000001066
002 000001179
005 20000330.0
020 |a 0861636058 
090 0 0 |a JF   |b BLY 
100 1 |a Blyton, Enid 
245 1 0 |a Five on a hike together   |c Enid Blyton ; illustrated by Jolyne Knox 
260 |a London :   |b Award Publications ,   |c 1992 
300 |a 166 p. :   |b ill. ;   |c 17 cm. 
490 0 |a The famous five 
650 0 0 |a Adventure stories 
999 |a 031253   |b BUKU   |c PINJAMAN   |e PERPUSTAKAAN KOMUNITI PETALING JAYA 
999 |a 031254   |b BUKU   |c PINJAMAN   |e PERPUSTAKAAN KOMUNITI PETALING JAYA 
999 |a 041232   |b BUKU   |c PINJAMAN   |e PERPUSTAKAAN KOMUNITI PETALING JAYA 
999 |a 041233   |b BUKU   |c PINJAMAN   |e PERPUSTAKAAN KOMUNITI PETALING JAYA 
999 |a 041234   |b BUKU   |c PINJAMAN   |e PERPUSTAKAAN KOMUNITI PETALING JAYA 
999 |a 056996   |b BUKU   |c PINJAMAN   |e PERPUSTAKAAN KOMUNITI PETALING JAYA 
999 |a 056997   |b BUKU   |c PINJAMAN   |e PERPUSTAKAAN KOMUNITI PETALING JAYA